000 00861nam a2200265Ia 4500
003 GCL
008 140319s9999 xx 000 0 ara d
040 _aGCL /
_cGCL
082 0 4 _a327.6
_bا م
100 1 _aامين اسبر
245 1 0 _aمسيرة الوحدة الافريقية /
_cامين اسبر
260 _a[S.N] :
_bدار الكلمة للنشر ،
_c1983
300 _a207 ص
490 _a
650 0 4 _aالاحوال الاجتماعية
650 0 4 _aالاحوال السياسية
650 0 4 _aالسياسة الدولية
650 0 4 _aالاحوال الاقتصادية
650 0 4 _aالعلاقات الخارجية
650 0 4 _aافريقيا
650 0 4 _aمنظمة الوحدة الافريقية
650 0 4 _aالوحدة الافريقية
650 0 4 _aالسياسة الداخلية
942 _2ddc
_cBK
999 _c30862
_d30862